<?xml version="1.0" encoding="UTF-8"?><?xml-stylesheet type="text/xsl" href="static/style.xsl"?><OAI-PMH xmlns="http://www.openarchives.org/OAI/2.0/" xmlns:xsi="http://www.w3.org/2001/XMLSchema-instance" xsi:schemaLocation="http://www.openarchives.org/OAI/2.0/ http://www.openarchives.org/OAI/2.0/OAI-PMH.xsd"><responseDate>2026-06-05T16:07:25Z</responseDate><request verb="GetRecord" identifier="oai:riuma.uma.es:10630/24901" metadataPrefix="marc">https://riuma.uma.es/rest/oai/request</request><GetRecord><record><header><identifier>oai:riuma.uma.es:10630/24901</identifier><datestamp>2026-02-03T11:17:37Z</datestamp><setSpec>com_10630_2254</setSpec><setSpec>col_10630_37953</setSpec></header><metadata><record xmlns="http://www.loc.gov/MARC21/slim" xmlns:dcterms="http://purl.org/dc/terms/" xmlns:doc="http://www.lyncode.com/xoai" xmlns:xsi="http://www.w3.org/2001/XMLSchema-instance" xsi:schemaLocation="http://www.loc.gov/MARC21/slim http://www.loc.gov/standards/marcxml/schema/MARC21slim.xsd">
   <leader>00925njm 22002777a 4500</leader>
   <datafield ind2=" " ind1=" " tag="042">
      <subfield code="a">dc</subfield>
   </datafield>
   <datafield ind2=" " ind1=" " tag="720">
      <subfield code="a">Hurtado-García, Jennifer</subfield>
      <subfield code="e">author</subfield>
   </datafield>
   <datafield ind2=" " ind1=" " tag="720">
      <subfield code="a">Manjón-Cabeza-Cloute, María Eugenia</subfield>
      <subfield code="e">author</subfield>
   </datafield>
   <datafield ind2=" " ind1=" " tag="260">
      <subfield code="c">2022-06-28</subfield>
   </datafield>
   <datafield ind2=" " ind1=" " tag="520">
      <subfield code="a">The main target of this paper is to improve the knowledge of the species composition of sea stars in Patagonian Argentine deep sea reaching depths of 2062 m. In addition, these results offer us the opportunity to analyze the possible connections between Argentinian marine fauna and adjacent Antarctic areas that have become a topic of interest in the past few years. This work is based on Atlantic Projects’ surveys carried out on an atypical and especially vulnerable marine ecosystems (canyons created from craters collapse by gas leaks). These are profusely impacted by frequent fishing activities, being one of the most important and international fishing grounds, where 887 records (1878 specimens) of 41 species of asteroids were collected in 217 stations ranging from 219 to 2062 m in depth. Seven of those species are proposed as new records: (Diplasterias octoradiata (Studer 1885), Plutonaster bifrons (Wyville Thomson, 1873), Radiaster elegans Perrier, 1881, Anseropoda antarctica Fisher, 1940, Pillsburiaster calvus Mah, 2011, Paralophaster lorioli (Koehler, 1907), Pteraster flabellifer Mortensen 1933). After refining the database built from literature and open-access databases such as OBIS and AntBIF, the new Argentinian asteroids deep-water checklist contains 2198 records from 64 asteroids species including the 7 new records proposed. Most of these 64 species (89.06%) are present in Antarctic-adjacent waters, and after the study of their occurrences at traditional biogeographic entities, our results support the hypothesis that Argentinian waters (in the case of the class Asteroidea) should be considered part of the sub-Antarctic entity.</subfield>
   </datafield>
   <datafield ind1="8" ind2=" " tag="024">
      <subfield code="a">Hurtado-García, J., Manjón-Cabeza, M.E. Species composition of sea stars (Echinodermata: Asteroidea) in the Patagonian Argentinian deep sea, including seven new records: connectivity with sub-Antarctic and Antarctic fauna. Polar Biol 45, 1211–1228 (2022). https://doi.org/10.1007/s00300-022-03056-x</subfield>
   </datafield>
   <datafield ind1="8" ind2=" " tag="024">
      <subfield code="a">https://hdl.handle.net/10630/24901</subfield>
   </datafield>
   <datafield ind1="8" ind2=" " tag="024">
      <subfield code="a">https://doi.org/10.1007/s00300-022-03056-x</subfield>
   </datafield>
   <datafield tag="653" ind2=" " ind1=" ">
      <subfield code="a">Estrellas de mar</subfield>
   </datafield>
   <datafield ind2="0" ind1="0" tag="245">
      <subfield code="a">Species composition of sea stars (Echinodermata: Asteroidea) in the Patagonian Argentinian deep sea, including seven new records: connectivity with sub-Antarctic and Antarctic fauna</subfield>
   </datafield>
</record>
</metadata></record></GetRecord></OAI-PMH>